000
00236nam a22001097a 4500
082
_a
030 OUR'Z
100
_a
ZIM, HERBERT S
_9
80713
245
_a
OUR WONDERFUL WORLD
260
_a
CHICAGO
_b
SPENCER
_c
1960
300
_a
470P
942
_c
BK
999
_c
585604
_d
585604